| 000 | 00996nam a2200289 a 4500 | ||
|---|---|---|---|
| 001 | BRCA_6642 | ||
| 005 | 20190320205535.0 | ||
| 008 | 111011s1989----ru-a######---#000-0#eng-# | ||
| 020 | _a5730001495 | ||
| 041 | _aeng | ||
| 044 | _aru | ||
| 050 | 4 |
_aND1452 _b.M37 1989 |
|
| 245 | 1 | 0 |
_aMasterworks of Russian Painting _bfrom Soviet Museums _cselection and introduction by Tatyana Ilyina ; translated from the Russian by Alexander Repyev ; design and layout by Mikhail Zanko |
| 260 |
_aLeningrado _bAurora Art Publishers _cc1989 |
||
| 300 |
_a295 p. _bil. (algunas a color) _c34 cm. |
||
| 500 | _aIncluye índice de pintores | ||
| 500 | _aDonación Dra. Elsa Barberena | ||
| 504 | _aBibliografía: p. 292-293 | ||
| 650 | 1 | 4 |
_aPintura Rusa _xHistoria _916630 |
| 650 | 1 | 4 |
_aPintura Rusa _xMuseos _916631 |
| 650 | 1 | 4 |
_aPintures rusos _916632 |
| 700 | 1 |
_aIlyina, Tatyana _916633 |
|
| 700 | 1 |
_aZanko, Mikhail _916634 |
|
| 700 | 1 |
_aRepyev, Alexander _etr. _916635 |
|
| 902 | _aDEB | ||
| 942 |
_2lcc _cB |
||
| 999 |
_c6326 _d6326 |
||